Mondaq Oman

Detalles Bibliográficos
Formato: eBook
Lenguaje:inglés
Publicado: Mascate: Mondaq, 2018
Colección:Mondaq Business Briefing
Materias:
Acceso en línea:Acceso restringido

MARC

LEADER 00000nam a22000007a 4500
005 20181229161011.0
007 cr|||| ||||
008 181229s2018 om |||||s|||| 00||0 eng d
035 |a 4922 
040 |a vLex 
090 |c 8407  |d 8407 
245 0 0 |a Mondaq Oman  |h [Recurso electrn̤ico] / 
256 |a Servicio en ln̕ea 
260 |a Mascate:  |b Mondaq,  |c 2018 
300 |a 1 recurso electrn̤ico 
490 0 |a Mondaq Business Briefing 
506 1 |a Disponible solo en los productos indicados  |d vLex Global  |d vLex Global (Academic Edition, excluding Law Schools)  |d vLex Global (U.S. Academic Edition, Law Schools)  |d vLex Global (U.S. Academic Edition, excluding Law Schools)  |d vLex Global (Academic Edition, Law Schools) 
650 0 4 |a Derecho Pb︢lico y Administrativo  |z Oman 
740 0 |a vLex Libros (Servicio en ln̕ea) 
856 4 0 |u http://vlex.com/source/4922  |z Acceso restringido 
942 |c BOOK 
999 0 |a Public and Administrative Law